000 00242nam a2200097Ia 4500
005 20251222114403.0
008 251222s1900||||xx |||||||||||||| ||spa||
082 _aDVD0070/A87/1999/T.1
245 0 _aLos sopranos (primera temporada):
942 _cDVD
999 _c1725
_d1725